Geschichte der Stadt Neusohl eine culturgeschichtliche Skizze

Bibliographic Details
Main Author: Ipolyi, Arnold, 1823-1886 (Author)
Corporate Author: Fromme, Carl (Viedeň, Rakúsko) (Printer)
Other Authors: Dux, Adolf, 1822-1881 (Translator, Author of introduction, etc.)
Format: Book
Language:German
Hungarian
PhysicalDescription:[4], 131, [2] s. 8° (23x15 cm)
Published: Wien Wilhelm Braumüller k. k. Hof- und Universitätsbuchhändler 1875
Subjects:

MARC

LEADER 00000cam a2200000 a 4500
001 vtls001339403
003 SK-MaSNL
005 20260302033552.0
008 240315s1875 au g 00000dger
035 |a SNK000292467 
040 |a SNK  |b slo  |c SNK  |e AACR2 
041 1 |a ger  |h hun 
043 |a e-xo--- 
044 |a au  |c AT 
072 7 |a 94(437.6)  |x Dejiny Slovenskej republiky  |2 konspekt 
080 |a 94(437.6)  |2 2001 
080 |a 911.375(091)  |2 2011 
100 1 |a Ipolyi, Arnold,  |d 1823-1886  |4 aut  |9 122794 
245 1 0 |a Geschichte der Stadt Neusohl  |b eine culturgeschichtliche Skizze  |c von Arnold Ipolyi Bischof von Neusohl ; aus dem ungarischen übersetzt von dr. Adolf Dux 
260 |a Wien  |b Wilhelm Braumüller k. k. Hof- und Universitätsbuchhändler  |c 1875  |e in Wien  |f Druck von Carl Fromme 
300 |a [4], 131, [2] s.  |c 8° (23x15 cm) 
500 |a Linky 
500 |a Poznámky pod čiarou, erráta 
504 |a Obsahuje bibliografické odkazy 
508 |a Pref.: Dux, Adolf 
510 4 |a Rizner  |c 1/227 
546 |a Text v nemčine, čiastočne v latinčine, výrazy v maďarčine a slovenčine  |b Antikva  |b Kurzíva 
563 |a Väzba: nepôvodná, lepenka potiahnutá modrým plátnom.  |5 SVKBB: O 1753 
650 0 7 |a dejiny miest  |2 SNKPH  |9 164833 
650 0 7 |a History of cities and towns  |2 SNKPHeng  |9 267901 
651 7 |a Banská Bystrica (Slovensko)  |2 SNKPH  |9 22015 
651 7 |a Banská Bystrica (Slovakia)  |2 SNKPHeng  |9 243794 
700 1 2 |a Dux, Adolf,  |d 1822-1881  |4 trl  |4 aui  |9 683950 
710 0 |a Braumüller, Wilhelm (Viedeň, Rakúsko),  |d 1848-1868  |4 pbl  |9 338750 
710 0 |a Fromme, Carl (Viedeň, Rakúsko)  |4 prt  |9 388939 
852 |a Štátna vedecká knižnica v Banskej Bystrici  |b Fond starých a vzácnych dokumentov  |p O 1753 
958 |a DF 
958 |a HKD BB 
999 |c 1062321  |d 1064251 
952 |t P60, <03>, [BOOK], {603}  |a SNK  |b SNK  |y PREZ  |7 0  |p 17A0156204  |o snkSC 919  |0 0  |1 0  |4 0  |d 1998-08-14  |l 0  |r 2025-06-04 00:00:00  |w 2026-02-24